Comparative Analysis of Smart Meters Deployment Business Models on the Example of the Russian Federation Markets; European Physical Journal Web of Conferences (EPJ Web of Conferences); Vol. 110 : Thermophysical Basis of Energy Technologies

Detaylı Bibliyografya
Parent link:European Physical Journal Web of Conferences (EPJ Web of Conferences)
Vol. 110 : Thermophysical Basis of Energy Technologies.— 2016.— [01015, 5 p.]
Müşterek Yazar: Национальный исследовательский Томский политехнический университет
Diğer Yazarlar: Daminov I. B. Ildar Bolatovich, Tarasova E. S. Ekaterina Sergeevna, Andreeva T. Tatyana, Avazov A. Artur
Özet:Title screen
This paper presents the comparison of smart meter deployment business models to determine the most suitable option providing smart meters deployment. Authors consider 3 main business model of companies: distribution grid company, energy supplier (energosbyt) and metering company. The goal of the article is to compare the business models of power companies from massive smart metering roll out in power system of Russian Federation.
Dil:İngilizce
Baskı/Yayın Bilgisi: 2016
Konular:
Online Erişim:http://dx.doi.org/10.1051/epjconf/201611001015
http://earchive.tpu.ru/handle/11683/33352
Materyal Türü: Elektronik Kitap Bölümü
KOHA link:https://koha.lib.tpu.ru/cgi-bin/koha/opac-detail.pl?biblionumber=647642

MARC

LEADER 00000nla2a2200000 4500
001 647642
005 20250520135950.0
035 |a (RuTPU)RU\TPU\network\12788 
035 |a RU\TPU\network\12785 
090 |a 647642 
100 |a 20160419a2016 k y0engy50 ba 
101 0 |a eng 
105 |a y z 100zy 
135 |a drcn ---uucaa 
181 0 |a i  
182 0 |a b 
200 1 |a Comparative Analysis of Smart Meters Deployment Business Models on the Example of the Russian Federation Markets  |f I. B. Daminov [et al.] 
203 |a Text  |c electronic 
300 |a Title screen 
320 |a [References: 9 tit.] 
330 |a This paper presents the comparison of smart meter deployment business models to determine the most suitable option providing smart meters deployment. Authors consider 3 main business model of companies: distribution grid company, energy supplier (energosbyt) and metering company. The goal of the article is to compare the business models of power companies from massive smart metering roll out in power system of Russian Federation. 
461 0 |0 (RuTPU)RU\TPU\network\7958  |t European Physical Journal Web of Conferences (EPJ Web of Conferences) 
463 0 |0 (RuTPU)RU\TPU\network\12773  |t Vol. 110 : Thermophysical Basis of Energy Technologies  |o Proceedings of the Conference, October 13-15, 2015, Tomsk, Russia  |f National Research Tomsk Polytechnic University (TPU) ; eds. G. V. Kuznetsov [et al.]  |v [01015, 5 p.]  |d 2016 
610 1 |a электронный ресурс 
610 1 |a труды учёных ТПУ 
610 1 |a сравнительный анализ 
610 1 |a счетчики 
610 1 |a бизнес-модели 
610 1 |a энергия 
610 1 |a энергетические компании 
610 1 |a энергетические системы 
701 1 |a Daminov  |b I. B.  |c specialist in the field of electrical engineering  |c assistant of Tomsk Polytechnic University  |f 1990-  |g Ildar Bolatovich  |3 (RuTPU)RU\TPU\pers\36033 
701 1 |a Tarasova  |b E. S.  |c linguist  |c associate Professor of Tomsk Polytechnic University, candidate of pedagogical Sciences  |f 1984-  |g Ekaterina Sergeevna  |3 (RuTPU)RU\TPU\pers\31732 
701 1 |a Andreeva  |b T.  |g Tatyana 
701 1 |a Avazov  |b A.  |g Artur 
712 0 2 |a Национальный исследовательский Томский политехнический университет  |c (2009- )  |9 26305 
801 2 |a RU  |b 63413507  |c 20161121  |g RCR 
850 |a 63413507 
856 4 |u http://dx.doi.org/10.1051/epjconf/201611001015 
856 4 0 |u http://earchive.tpu.ru/handle/11683/33352 
942 |c CF